Využitie IS/IT v manažérskom reportingu

Problematika softvérovej podpory manažérskeho reportingu. Nástroje platformy Business intelligence slúžiace na podporu analýzy dát, vytváranie a zostavovanie správ. Prvá vrstva BI, ktorá sa venuje získavaniu, spracovaniu, ukladaniu a správe údajov. Druhá vrstva BI, ktorá slúži na analýzu údajov ulož...

ver descrição completa

Na minha lista:
Detalhes bibliográficos
Autor principal: Budinský, Michal
Outros Autores: Dubcová, Gabriela, 1968-
Formato: Capítulo de Livro
Idioma:eslovaco
Assuntos:
Tags: Adicionar Tag
Sem tags, seja o primeiro a adicionar uma tag!

MARC

LEADER 00000naa$a2200000$$$4500
001 0119421
005 20240502072330.0
041 0 |a slo 
044 |a SK 
245 1 0 |a Využitie IS/IT v manažérskom reportingu  |c Michal Budinský, Gabriela Dubcová 
520 |a Problematika softvérovej podpory manažérskeho reportingu. Nástroje platformy Business intelligence slúžiace na podporu analýzy dát, vytváranie a zostavovanie správ. Prvá vrstva BI, ktorá sa venuje získavaniu, spracovaniu, ukladaniu a správe údajov. Druhá vrstva BI, ktorá slúži na analýzu údajov uložených v dátovom sklade a prezentáciu informácií koncovým užívateľom. OLAP kocka - jeden z nástrojov analytickej vrstvy. Najvyššia úroveň vrstvy pre analýzu a prezentáciu informácií - manažérske cockpity a dashbordy. 
610 2 0 |a systémy informačné manažérske 
610 2 0 |a technológie informačné 
610 2 0 |a technológie komunikačné 
610 2 0 |a báza dát 
610 2 0 |a reporting 
610 2 0 |a rozhodovanie manažérske 
610 2 0 |a rozhodovanie podnikové 
610 2 0 |a informácie 
100 1 |a Budinský, Michal 
700 1 |a Dubcová, Gabriela, 1968-